000 00785nam a2200229Ia 4500
003 OSt
005 20251017105410.0
008 220923b |||||||| |||| 00| 0 eng d
020 _a0195640969
037 _cGeneral Book
040 _aRTL
_cRTL
_beng
041 _2eng
_aeng
084 _aY:3(NU,9(Q224).212.N, N6
_qRTL
100 _aBlackburn, Stuart.
_9243676
245 0 _aRama stories and shadow puppets: kampan's Ramayana in performance
260 _aDelhi
_bOxford University Press
_c1996
300 _axiii, 291 p.
_ccm.
_bIncludes bibliographical references and index.
500 _aAppendix: P 241-46; Glossary: P267-69
650 _aSocial Action
_9848660
942 _hY:3(NU,9(Q224).212.N, N6
_cGB
_2CC
_n0
999 _c541968
_d541968